000
00289 a2200121 4500
020
_a
8121917808
082
_a
526.9 DE
100
_a
De,Alak
245
_a
Plane Surveying
_c
Alak De
250
_a
1st.ed.
260
_a
New Delhi:
_b
S Chand and company,
_c
2009.
300
_a
xv,664p. :
_b
ill. ;
_c
25 cm.
650
_a
survey
999
_c
561
_d
561